[Event "Cheliabinsk Lozovatsky Memorial-A"]
[White "Strybuk, Artsiom I"]
[Black "Mutovin, Egor"]
[Site "Cheliabinsk"]
[Round "4"]
[Result "1-0"]
[Date "2023.01.30"]
[WhiteElo "2333"]
[BlackElo "2139"]
[PlyCount "61"]
[EventDate "2023.01.27"]
[EventType "swiss"]
[EventRounds "10"]
[EventCountry "RUS"]
[SourceTitle "CBM 212 Extra"]
[Source "ChessBase"]
[SourceDate "2023.03.31"]
[SourceVersion "1"]
[SourceVersionDate "2023.03.31"]
[SourceQuality "1"]

1. d4 d5 2. c4 e6 3. Nf3 c6 4. e3 f5 5. Bd3 Nf6 6. b3 Bd6 7. 0-0 Qe7 8. Bb2 0-0 9. Qc1 b6 10. Ba3 c5 11. cxd5 exd5 12. Nc3 Ba6 13. Rd1 Bxd3 14. Rxd3 c4 15. Nxd5 Nxd5 16. Qxc4 Qb7 17. Bxd6 Rc8 18. Qa4 b5 19. Qa5 b4 20. a3 Qc6 21. Bxb4 Na6 22. h3 Rab8 23. Ne5 Qe6 24. Rdd1 f4 25. e4 Ndc7 26. Rac1 f3 27. Nxf3 Qxe4 28. Bd6 Rb5 29. Qxb5 Nxb5 30. Rxc8+ Kf7 31. Ng5+ 1-0

[Event "Cheliabinsk Lozovatsky Memorial-A"]
[White "Mutovin, Egor"]
[Black "Ohanyan, Emin"]
[Site "Cheliabinsk"]
[Round "1"]
[Result "1/2-1/2"]
[Date "2023.01.27"]
[WhiteElo "2139"]
[BlackElo "2384"]
[PlyCount "81"]
[EventDate "2023.01.27"]
[EventType "swiss"]
[EventRounds "10"]
[EventCountry "RUS"]
[SourceTitle "CBM 212 Extra"]
[Source "ChessBase"]
[SourceDate "2023.03.31"]
[SourceVersion "1"]
[SourceVersionDate "2023.03.31"]
[SourceQuality "1"]

1. d4 Nf6 2. c4 e6 3. Nc3 Bb4 4. Qc2 d5 5. a3 Bxc3+ 6. Qxc3 0-0 7. Nf3 b6 8. Bg5 dxc4 9. Qxc4 Ba6 10. Qa4 h6 11. Bh4 c5 12. dxc5 bxc5 13. Rd1 Qb6 14. Bxf6 gxf6 15. e3 Bxf1 16. Kxf1 Nc6 17. h4 Rfd8 18. Rb1 Rd5 19. Rh3 Rad8 20. Kg1 Kf8 21. Rg3 h5 22. Qc2 Qb5 23. Rc1 Ne5 24. e4 R5d6 25. Nxe5 fxe5 26. a4 Qb4 27. Qxc5 Qxb2 28. Rd1 Qb6 29. Qa3 a5 30. Rgd3 Ke7 31. Kf1 Qb4 32. Qxb4 axb4 33. Rxd6 Rxd6 34. Rxd6 Kxd6 35. Ke2 f5 36. Kd3 Kc5 37. Kc2 Kb6 38. g4 fxg4 39. Kb2 Ka6 40. Kc2 Kb6 41. Kb2 1/2-1/2

[Event "Chigorin Memorial 29th"]
[White "Mutovin, Egor"]
[Black "Shubin, Kirill"]
[Site "St Petersburg"]
[Round "9"]
[Result "0-1"]
[Date "2022.10.30"]
[WhiteElo "2176"]
[BlackElo "2454"]
[PlyCount "62"]
[EventDate "2022.10.22"]
[EventType "swiss"]
[EventRounds "9"]
[EventCountry "RUS"]
[SourceTitle "EXT 2024"]
[Source "ChessBase"]
[SourceDate "2023.10.10"]
[SourceVersion "1"]
[SourceVersionDate "2023.10.10"]
[SourceQuality "1"]

1. d4 Nf6 2. c4 e6 3. Nf3 h6 4. g3 Bb4+ 5. Nbd2 b6 6. Bg2 Bb7 7. 0-0 0-0 8. a3 Bxd2 9. Bxd2 Be4 10. Rc1 a5 11. Qa4 d6 12. c5 Bc6 13. Qc2 Be4 14. Qa4 Bc6 15. Qc2 Qd7 16. Ne1 Bxg2 17. Nxg2 Nc6 18. cxd6 Nxd4 19. Qd3 c5 20. b4 axb4 21. axb4 e5 22. bxc5 bxc5 23. Rxc5 Ra2 24. Rd1 Qxd6 25. Rc4 Ra3 26. Bc3 Qb6 27. Ne3 Qa6 28. f3 Nxe2+ 29. Qxe2 Rxc3 30. Kf2 Rxe3 31. Kxe3 Qa7+ 0-1

[Event "Chigorin Memorial 29th"]
[White "Petukhov, Dmitriy"]
[Black "Mutovin, Egor"]
[Site "St Petersburg"]
[Round "7"]
[Result "0-1"]
[Date "2022.10.28"]
[WhiteElo "1996"]
[BlackElo "2176"]
[PlyCount "56"]
[EventDate "2022.10.22"]
[EventType "swiss"]
[EventRounds "9"]
[EventCountry "RUS"]
[SourceTitle "EXT 2024"]
[Source "ChessBase"]
[SourceDate "2023.10.10"]
[SourceVersion "1"]
[SourceVersionDate "2023.10.10"]
[SourceQuality "1"]

1. c4 e5 2. Nc3 d6 3. g3 f5 4. Bg2 Nf6 5. b3 Be7 6. Bb2 0-0 7. d4 e4 8. e3 c6 9. Nge2 d5 10. Qd2 Na6 11. c5 b6 12. cxb6 axb6 13. a3 Nc7 14. 0-0 Qe8 15. Rfc1 g5 16. f3 exf3 17. Bxf3 Bd6 18. Re1 Ne4 19. Nxe4 fxe4 20. Bg2 Qh5 21. Qc3 Bd7 22. b4 Rf6 23. Qd2 Rh6 24. h4 gxh4 25. Nf4 Bxf4 26. gxf4 h3 27. Bf1 Rg6+ 28. Kh2 Qf3 0-1

[Event "Chigorin Memorial 29th"]
[White "Mutovin, Egor"]
[Black "Postanogov, Dmitrii"]
[Site "St Petersburg"]
[Round "5"]
[Result "1-0"]
[Date "2022.10.26"]
[WhiteElo "2176"]
[BlackElo "1931"]
[PlyCount "71"]
[EventDate "2022.10.22"]
[EventType "swiss"]
[EventRounds "9"]
[EventCountry "RUS"]
[SourceTitle "EXT 2024"]
[Source "ChessBase"]
[SourceDate "2023.10.10"]
[SourceVersion "1"]
[SourceVersionDate "2023.10.10"]
[SourceQuality "1"]

1. d4 d5 2. c4 c6 3. Nf3 Nf6 4. Nc3 a6 5. a4 e6 6. Bg5 a5 7. e3 Be7 8. Bd3 Na6 9. 0-0 Nb4 10. Bb1 0-0 11. Ne5 h6 12. Bh4 Nd7 13. Bxe7 Qxe7 14. Nxd7 Bxd7 15. e4 dxc4 16. e5 c5 17. Ne4 cxd4 18. Qxd4 Bc6 19. Qxc4 Rfd8 20. Ra3 Rac8 21. Rg3 Bxe4 22. Qxe4 g6 23. h4 h5 24. Rg5 Kf8 25. Qf3 Ke8 26. Bxg6 fxg6 27. Rxg6 Kd7 28. Rf6 Rf8 29. Qxb7+ Rc7 30. Rd1+ Nd5 31. Rxd5+ exd5 32. Qxd5+ Ke8 33. Qa8+ Kd7 34. Qxf8 Rc1+ 35. Kh2 Qxe5+ 36. g3 1-0

[Event "Tuapse Rapid op"]
[White "Chernobay, Artem"]
[Black "Mutovin, Egor"]
[Site "Tuapse"]
[Round "6"]
[Result "1-0"]
[Date "2021.07.07"]
[WhiteElo "2490"]
[BlackElo "1994"]
[PlyCount "50"]
[EventDate "2021.07.06"]
[EventType "swiss (rapid)"]
[EventRounds "9"]
[EventCountry "RUS"]
[SourceTitle "CBM 203 Extra"]
[Source "ChessBase"]
[SourceDate "2021.09.30"]
[SourceVersion "1"]
[SourceVersionDate "2021.09.30"]
[SourceQuality "1"]

1. e4 c5 2. Nf3 d6 3. d4 cxd4 4. Qxd4 Nc6 5. Bb5 Bd7 6. Bxc6 Bxc6 7. Nc3 Nf6 8. Bg5 h6 9. Bxf6 gxf6 10. 0-0-0 e6 11. Qd3 Be7 12. Nd4 Qb6 13. f4 0-0-0 14. f5 Bd7 15. Qc4+ Qc7 16. Qb3 Qb6 17. Qc4+ Qc7 18. Qxc7+ Kxc7 19. Ndb5+ Bxb5 20. Nxb5+ Kb6 21. Nd4 d5 22. fxe6 dxe4 23. exf7 Rd5 24. Ne6 Re5 25. Nf4 Rg5 1-0

[Event "Tuapse op"]
[White "Aleksandrov, Danila"]
[Black "Mutovin, Egor"]
[Site "Tuapse"]
[Round "5"]
[Result "1/2-1/2"]
[Date "2021.07.01"]
[WhiteElo "2199"]
[BlackElo "1994"]
[PlyCount "143"]
[EventDate "2021.06.27"]
[EventType "swiss"]
[EventRounds "9"]
[EventCountry "RUS"]
[SourceTitle "CBM 203 Extra"]
[Source "ChessBase"]
[SourceDate "2021.09.30"]
[SourceVersion "1"]
[SourceVersionDate "2021.09.30"]
[SourceQuality "1"]

1. e4 c5 2. f4 Nc6 3. Nf3 e6 4. Bb5 Nf6 5. Bxc6 dxc6 6. Qe2 Qc7 7. d3 Be7 8. 0-0 0-0 9. b3 a5 10. a4 Rd8 11. Na3 Nd7 12. Bb2 Bf6 13. e5 Be7 14. f5 exf5 15. e6 Nf8 16. exf7+ Kxf7 17. Nc4 b5 18. Qe5 Ne6 19. Qxc7 Nxc7 20. Nce5+ Kf8 21. Nxc6 Re8 22. axb5 Nxb5 23. Nxa5 Bd8 24. Nc4 Rxa1 25. Rxa1 Bb7 26. Nfe5 Bc7 27. Nd7+ Kf7 28. Be5 Bxe5 29. Ndxe5+ Kf6 30. Ra5 Nd4 31. Rxc5 Nxc2 32. Nd7+ Kg5 33. Nd6 Re7 34. h4+ Kh5 35. Rxf5+ Kxh4 36. Nc5 Bc6 37. Nce4 Bxe4 38. Nxe4 Kg4 39. Rc5 Ne3 40. Kf2 Nf5 41. Rc4 Ra7 42. Nd6+ Kg5 43. Rc5 g6 44. Kf3 Kf6 45. Nxf5 gxf5 46. Kf4 Rb7 47. Rxf5+ Ke6 48. Rh5 Kf6 49. d4 Rb4 50. Ke4 Rxb3 51. Rxh7 Rg3 52. Rh2 Rg4+ 53. Kd5 Ke7 54. Kc5 Rg3 55. d5 Rc3+ 56. Kd4 Rg3 57. Ke5 Rg5+ 58. Ke4 Kd6 59. Rh6+ Kd7 60. Rh7+ Kd6 61. Rh6+ Kd7 62. Kf3 Rxd5 63. Rf6 Ke7 64. Rf4 Ke6 65. g4 Rd3+ 66. Kf2 Ke5 67. Rf8 Ke4 68. g5 Rd5 69. g6 Rg5 70. Rf6 Ke5 71. Ra6 Kf5 72. Ra5+ 1/2-1/2

[Event "RUS Cup U15 final"]
[White "Mutovin, Egor"]
[Black "Kulik, Artur"]
[Site "Bryansk"]
[Round "7"]
[Result "1-0"]
[Date "2019.01.10"]
[WhiteElo "1943"]
[BlackElo "2014"]
[PlyCount "171"]
[EventDate "2019.01.04"]
[EventType "tourn"]
[EventRounds "7"]
[EventCountry "RUS"]
[SourceTitle "CBM 189 Extra"]
[Source "ChessBase"]
[SourceDate "2019.05.31"]
[SourceVersion "1"]
[SourceVersionDate "2019.05.31"]
[SourceQuality "1"]

1. d4 Nf6 2. c4 e6 3. Nf3 Bb4+ 4. Bd2 a5 5. g3 b6 6. Bg2 Bb7 7. 0-0 0-0 8. a3 Bxd2 9. Nfxd2 Bxg2 10. Kxg2 c5 11. Nf3 cxd4 12. Qxd4 Nc6 13. Qd3 d5 14. Nc3 d4 15. Ne4 Nxe4 16. Qxe4 Qd6 17. Ng5 g6 18. Qh4 h5 19. Ne4 Qe7 20. Qxe7 Nxe7 21. Nf6+ Kg7 22. Nd7 Rfd8 23. Nxb6 Rab8 24. c5 Nd5 25. Na4 e5 26. Rac1 Rdc8 27. Rfd1 Ne7 28. Nb6 Rc7 29. b4 axb4 30. axb4 Nc6 31. b5 Na7 32. Nd5 Rd7 33. b6 Rxd5 34. bxa7 Ra8 35. c6 Rdd8 36. Ra1 Rdc8 37. Rdb1 Kf6 38. Ra6 Ke6 39. Rb8 Rxa7 40. Rxc8 Rxa6 41. c7 Rc6 42. Re8+ Kd7 43. Rxe5 Rxc7 44. Rd5+ Ke6 45. Rxd4 Rc2 46. Kf3 Rc3+ 47. Rd3 Rc1 48. Ra3 Rc6 49. Kf4 Kf6 50. e4 Rc2 51. Ke3 Rc6 52. h4 Rd6 53. Kf4 Rb6 54. Ra7 Rc6 55. f3 Rb6 56. g4 hxg4 57. Kxg4 Rc6 58. f4 Rc1 59. e5+ Ke6 60. Ra6+ Ke7 61. Kg5 Rg1+ 62. Kh6 Rg4 63. Rf6 Kf8 64. e6 Rxh4+ 65. Kg5 Rh5+ 66. Kg4 Rh7 67. exf7 Rxf7 68. Kg5 Ke7 69. Rxg6 Rh7 70. Ra6 Rh1 71. Ra7+ Kf8 72. f5 Rf1 73. Kf6 Ke8 74. Ra8+ Kd7 75. Rf8 Rf2 76. Kg7 Rg2+ 77. Kf7 Rf2 78. f6 Rg2 79. Rg8 Rf2 80. Rg1 Kd6 81. Re1 Rg2 82. Kf8 Rf2 83. f7 Ra2 84. Rg1 Ra8+ 85. Kg7 Ra7 86. Kg8 1-0

[Event "RUS Cup U15 final"]
[White "Breskanu, Nikita"]
[Black "Mutovin, Egor"]
[Site "Bryansk"]
[Round "2"]
[Result "0-1"]
[Date "2019.01.05"]
[WhiteElo "2104"]
[BlackElo "1943"]
[PlyCount "60"]
[EventDate "2019.01.04"]
[EventType "tourn"]
[EventRounds "7"]
[EventCountry "RUS"]
[SourceTitle "CBM 189 Extra"]
[Source "ChessBase"]
[SourceDate "2019.05.31"]
[SourceVersion "1"]
[SourceVersionDate "2019.05.31"]
[SourceQuality "1"]

1. d4 Nf6 2. c4 c5 3. d5 b5 4. cxb5 a6 5. bxa6 d6 6. Nc3 Bxa6 7. e4 Bxf1 8. Kxf1 g6 9. g3 Bg7 10. Kg2 0-0 11. Nf3 Nbd7 12. a4 Ra6 13. Qc2 Ng4 14. Nd2 e6 15. Nc4 Qa8 16. f3 Nge5 17. Ne3 c4 18. Bd2 Nc5 19. Ra3 Rb8 20. Nb5 Rxa4 21. Nxd6 Rxb2 22. Qxb2 Rxa3 23. Qb6 Ncd7 24. Qb1 c3 25. Be1 Qa6 26. Nb5 Ra2+ 27. Kh3 Rb2 28. Qc1 Qxb5 29. dxe6 Nd3 30. exf7+ Kf8 0-1

[Event "RUS-chT2"]
[White "Mutovin, Egor"]
[Black "Suslov, Dmitry"]
[Site "Sochi"]
[Round "8.9"]
[Result "1/2-1/2"]
[Date "2018.05.09"]
[WhiteElo "1929"]
[BlackElo "2305"]
[PlyCount "306"]
[EventDate "2018.05.01"]
[EventType "team-swiss"]
[EventRounds "9"]
[EventCountry "RUS"]
[SourceTitle "CBM 184 Extra"]
[Source "ChessBase"]
[SourceDate "2018.06.28"]
[SourceVersion "1"]
[SourceVersionDate "2018.06.28"]
[SourceQuality "1"]
[WhiteTeam "Krasnoyarsk Territory"]
[BlackTeam "Smolensk Region VOS"]
[WhiteTeamCountry "RUS"]
[BlackTeamCountry "RUS"]

1. d4 Nf6 2. c4 g6 3. Nc3 Bg7 4. e4 0-0 5. Nf3 d6 6. Be2 e5 7. 0-0 Nc6 8. d5 Ne7 9. b4 Ne8 10. c5 f5 11. Nd2 Nf6 12. Bf3 f4 13. Nc4 g5 14. h3 Ng6 15. cxd6 cxd6 16. Nb5 Ne8 17. Bg4 a6 18. Nba3 b5 19. Na5 Nf6 20. Bxc8 Rxc8 21. f3 h5 22. Bd2 g4 23. Rc1 Qd7 24. Qe2 Kf7 25. Rc6 gxh3 26. gxh3 Rxc6 27. Nxc6 Qxh3 28. Qg2 Qg3 29. Be1 Qxg2+ 30. Kxg2 Ne7 31. Nxe7 Kxe7 32. Rf2 Rc8 33. Rc2 Rxc2+ 34. Nxc2 Nd7 35. Bf2 Bf6 36. Kh3 Kf7 37. Kg2 Bd8 38. Kf1 Bb6 39. Bh4 Ke8 40. Ke2 Bd8 41. Bf2 Bc7 42. Kf1 Bb6 43. Bh4 Nf8 44. Kg2 Ng6 45. Be1 Kf7 46. Kh3 Nf8 47. Kg2 Nd7 48. Kf1 Bd8 49. Bf2 Nf8 50. Kg2 Kg6 51. Kh3 Nh7 52. Kg2 Kf7 53. Kh3 Nf8 54. Kg2 Ke8 55. Kh3 Ng6 56. Kg2 Kd7 57. Kh3 Kc8 58. Kg2 Kb7 59. Kh3 Nf8 60. Bh4 Bc7 61. Be1 Ng6 62. Bh4 Bb6 63. Be1 Bd4 64. Kg2 Kc7 65. Kf1 Kd7 66. Kg2 Ke7 67. Kh3 Kf7 68. Bh4 Nf8 69. Kg2 Nd7 70. Kf1 Ba7 71. Kg2 Bb6 72. Kf1 Bd4 73. Ke2 Bc3 74. Kd3 Bb2 75. Bf2 Nf8 76. Ke2 Ng6 77. Kf1 Bc3 78. Kg2 Kf6 79. Kf1 Ke7 80. Kg2 Kd7 81. Kh3 Kc7 82. Kg2 Kb7 83. Kh3 a5 84. a3 Ka6 85. Kg2 axb4 86. axb4 Kb7 87. Kh3 Kc8 88. Kg2 Kd7 89. Kh3 Ke7 90. Bb6 Bb2 91. Bf2 Kf6 92. Bb6 Kf7 93. Bf2 Bc3 94. Bb6 Bd2 95. Bf2 Nh8 96. Kh4 Kg6 97. Kh3 Nf7 98. Kg2 Bc3 99. Kh3 Ng5+ 100. Kg2 Nh7 101. Bh4 Kf7 102. Bf2 Nf8 103. Kh3 Nd7 104. Ba7 Kg6 105. Kh4 Kh6 106. Kh3 Kg5 107. Kg2 Bd2 108. Kh3 Kf6 109. Kh4 Kg6 110. Kh3 Kg5 111. Kg2 Kh6 112. Kh3 Kg6 113. Kh4 Nf6 114. Kh3 Nh7 115. Kg2 Ng5 116. Bf2 Nh7 117. Bb6 Ng5 118. Bf2 Nf7 119. Bb6 h4 120. Bc7 Kh5 121. Bb8 Bc3 122. Bc7 Ng5 123. Bxd6 h3+ 124. Kh2 Nxf3+ 125. Kxh3 Ng5+ 126. Kg2 Nxe4 127. Be7 Kg6 128. Kf3 Nf6 129. Bxf6 Kxf6 130. Ke4 Bb2 131. Ne1 Ke7 132. Nc2 Kd6 133. Ne1 Bc3 134. Nc2 Bb2 135. Ne1 f3 136. Nxf3 Bc3 137. Ng5 Bxb4 138. Nf7+ Kc5 139. Nxe5 Ba5 140. Kd3 Kxd5 141. Nf3 Bb6 142. Kc3 Ba5+ 143. Kb3 Ke4 144. Ng5+ Kf5 145. Nf3 Ke4 146. Ng5+ Kd5 147. Nf3 Kc5 148. Ne5 Bd2 149. Nd3+ Kd4 150. Nb4 Bf4 151. Nc2+ Kc5 152. Na3 Bc1 153. Nxb5 Kxb5 1/2-1/2

[Event "RUS-chT2"]
[White "Oganian, Miran"]
[Black "Mutovin, Egor"]
[Site "Sochi"]
[Round "4.5"]
[Result "1-0"]
[Date "2018.05.04"]
[WhiteElo "2422"]
[BlackElo "1929"]
[PlyCount "161"]
[EventDate "2018.05.01"]
[EventType "team-swiss"]
[EventRounds "9"]
[EventCountry "RUS"]
[SourceTitle "CBM 184 Extra"]
[Source "ChessBase"]
[SourceDate "2018.06.28"]
[SourceVersion "1"]
[SourceVersionDate "2018.06.28"]
[SourceQuality "1"]
[WhiteTeam "Auditing company SiViSi"]
[BlackTeam "Krasnoyarsk Territory"]
[WhiteTeamCountry "RUS"]
[BlackTeamCountry "RUS"]

1. d4 Nf6 2. c4 e6 3. g3 d5 4. Nf3 Be7 5. Bg2 0-0 6. 0-0 dxc4 7. Qc2 a6 8. Qxc4 b5 9. Qc2 Bb7 10. Bd2 Be4 11. Qc1 b4 12. Bg5 Nbd7 13. Nbd2 Bd5 14. Ne5 c5 15. Bxd5 exd5 16. Bxf6 Nxf6 17. dxc5 Rc8 18. Nd3 Ne4 19. Nb3 Nxc5 20. Nbxc5 Bxc5 21. Qd2 Qb6 22. Rac1 Rfd8 23. Rc2 Bf8 24. Rfc1 Rxc2 25. Qxc2 g6 26. Qc7 Qxc7 27. Rxc7 Rb8 28. b3 Rb5 29. h4 h5 30. Kg2 Ra5 31. Rc2 Kg7 32. f4 Kf6 33. Ne5 Bd6 34. Nc6 Rb5 35. Kf3 Bc5 36. Ne5 Ke6 37. Nd3 Bd6 38. Ke3 f6 39. Kd4 Ra5 40. Ke3 Rb5 41. Kf3 Ra5 42. g4 hxg4+ 43. Kxg4 Rb5 44. Kf3 Ra5 45. e3 Ra3 46. Rg2 Kf5 47. Ne1 Ra5 48. Nc2 Ke6 49. Nd4+ Kf7 50. f5 g5 51. hxg5 fxg5 52. Rxg5 Rxa2 53. Rg6 Be5 54. Ne6 Bf6 55. Nc7 Ra5 56. Kf4 d4 57. exd4 Bxd4 58. Ke4 Bf6 59. Nd5 Bc3 60. Rc6 Ra1 61. Rc7+ Kf8 62. Nxc3 bxc3 63. Rxc3 a5 64. Ke5 a4 65. Kf6 Kg8 66. Rc8+ Kh7 67. Ra8 a3 68. Kf7 Rf1 69. f6 Ra1 70. b4 Ra2 71. b5 Ra1 72. Ra4 Kh6 73. Kf8 Rb1 74. f7 Rxb5 75. Kg8 Rg5+ 76. Kh8 Rf5 77. Ra6+ Kh5 78. Kg7 Rg5+ 79. Kf6 Rg6+ 80. Kf5 Rxa6 81. f8Q 1-0

[Event "RUS-chT2"]
[White "Derjabin, Ilja"]
[Black "Mutovin, Egor"]
[Site "Sochi"]
[Round "2.6"]
[Result "0-1"]
[Date "2018.05.02"]
[WhiteElo "2360"]
[BlackElo "1929"]
[PlyCount "86"]
[EventDate "2018.05.01"]
[EventType "team-swiss"]
[EventRounds "9"]
[EventCountry "RUS"]
[SourceTitle "CBM 184 Extra"]
[Source "ChessBase"]
[SourceDate "2018.06.28"]
[SourceVersion "1"]
[SourceVersionDate "2018.06.28"]
[SourceQuality "1"]
[WhiteTeam "Our Crimea"]
[BlackTeam "Krasnoyarsk Territory"]
[WhiteTeamCountry "RUS"]
[BlackTeamCountry "RUS"]

1. d4 d5 2. c4 e6 3. Nc3 Nf6 4. cxd5 exd5 5. Bg5 c6 6. e3 Be7 7. Bd3 0-0 8. Qc2 Nbd7 9. Nge2 Re8 10. 0-0 Nf8 11. f3 Ng6 12. Rad1 Nh5 13. Bxe7 Qxe7 14. e4 Qg5 15. e5 Nh4 16. Ng3 Nxg3 17. hxg3 Qxg3 18. Bxh7+ Kh8 19. Bd3 Bh3 20. Rf2 Re6 21. Bf1 Rg6 22. Qe2 Rh6 23. Rd3 Bf5 24. f4 Bxd3 25. Qxd3 Nf5 26. Rf3 Qh2+ 27. Kf2 g6 28. Nd1 Qh4+ 29. g3 Qg4 30. Bg2 Rh2 31. Kg1 Rxg2+ 32. Kxg2 Nh4+ 33. Kf2 Nxf3 34. Qxf3 Qxf3+ 35. Kxf3 Kg7 36. Ne3 Rh8 37. Kg2 Kf8 38. g4 Ke7 39. f5 gxf5 40. Nxf5+ Ke6 41. Ng7+ Kd7 42. Nh5 c5 43. dxc5 Ke6 0-1

[Event "Krasnoyarsk-ch"]
[White "Mutovin, Egor"]
[Black "Pavlov, Oleg Yuryevich"]
[Site "Krasnoyarsk"]
[Round "2"]
[Result "1/2-1/2"]
[Date "2017.02.02"]
[WhiteElo "1827"]
[BlackElo "2248"]
[PlyCount "28"]
[EventDate "2017.02.01"]
[EventType "swiss"]
[EventRounds "9"]
[EventCountry "RUS"]
[SourceTitle "CBM 176 Extra"]
[Source "ChessBase"]
[SourceDate "2017.03.02"]
[SourceVersion "1"]
[SourceVersionDate "2017.03.02"]
[SourceQuality "1"]

1. d4 d5 2. c4 e6 3. Nc3 Be7 4. Nf3 Nf6 5. cxd5 exd5 6. Qc2 c6 7. Bg5 0-0 8. e3 Nbd7 9. Bd3 Re8 10. 0-0 Nf8 11. Rab1 Ne4 12. Bxe7 Qxe7 13. Bxe4 dxe4 14. Nd2 f5 1/2-1/2

[Event "World School-ch U13"]
[White "Mutovin, Egor"]
[Black "Aldabergenov, Alrami"]
[Site "Sochi"]
[Round "4"]
[Result "0-1"]
[Date "2016.12.06"]
[WhiteElo "1891"]
[BlackElo "1817"]
[PlyCount "39"]
[EventDate "2016.12.03"]
[EventType "swiss"]
[EventRounds "9"]
[EventCountry "RUS"]
[SourceTitle "EXT 2018"]
[Source "ChessBase"]
[SourceDate "2017.10.13"]
[SourceVersion "1"]
[SourceVersionDate "2017.10.13"]
[SourceQuality "1"]

1. d4 Nf6 2. c4 e6 3. Nf3 d5 4. Nc3 Bb4 5. Bg5 h6 6. Bh4 g5 7. Bg3 Ne4 8. Qc2 h5 9. h3 Nxg3 10. fxg3 Qd6 11. Ne5 Nc6 12. 0-0-0 Nxd4 13. Qa4+ c6 14. Nxf7 Kxf7 15. Rxd4 Qc5 16. Rd3 Qxc4 17. Rf3+ Ke7 18. e3 Qc5 19. Qc2 Bd7 20. Be2 0-1

[Event "World School-ch U13"]
[White "Yasanga, WCM Kasun"]
[Black "Mutovin, Egor"]
[Site "Sochi"]
[Round "1"]
[Result "0-1"]
[Date "2016.12.03"]
[WhiteElo "1427"]
[BlackElo "1891"]
[PlyCount "126"]
[EventDate "2016.12.03"]
[EventType "swiss"]
[EventRounds "9"]
[EventCountry "RUS"]
[SourceTitle "EXT 2018"]
[Source "ChessBase"]
[SourceDate "2017.10.13"]
[SourceVersion "1"]
[SourceVersionDate "2017.10.13"]
[SourceQuality "1"]

1. d4 Nf6 2. Nf3 e6 3. Bf4 b6 4. e3 Bb7 5. Nbd2 Nh5 6. Bg5 Be7 7. Bxe7 Qxe7 8. Bd3 0-0 9. 0-0 d6 10. c3 Nf6 11. Qc2 Nbd7 12. Rfd1 e5 13. dxe5 dxe5 14. Ne4 Rad8 15. Nfd2 Nd5 16. Ng3 g6 17. Bc4 Nc5 18. b4 Ne6 19. Qb3 c6 20. Nf3 Nec7 21. a4 Kh8 22. Qc2 Bc8 23. Rd2 f6 24. Rad1 Be6 25. Bb3 Bg4 26. b5 Bxf3 27. gxf3 f5 28. bxc6 Nf6 29. Rxd8 Rxd8 30. Rd3 Rd6 31. Qd2 Rxc6 32. Kg2 Kg7 33. Ba2 Nce8 34. Bb3 Rd6 35. Rxd6 Qxd6 36. Qxd6 Nxd6 37. Be6 Kf8 38. h4 Ke7 39. Bb3 Nd7 40. Kf1 Nc5 41. Bc2 Nc4 42. Ke2 a5 43. Nf1 Nb2 44. Nd2 Nbxa4 45. Bxa4 Nxa4 46. Kd3 b5 47. Kc2 Nc5 48. Kb1 Kd6 49. Ka2 Kc6 50. Ka3 Kb6 51. Nf1 Nd3 52. Ng3 b4+ 53. cxb4 axb4+ 54. Kb3 Kb5 55. h5 Nc5+ 56. Kb2 Kc4 57. hxg6 hxg6 58. Ne2 Nd3+ 59. Kb1 b3 60. e4 fxe4 61. fxe4 Nxf2 62. Ng3 Kd4 63. Ne2+ Kxe4 0-1

[Event "RUS-chT U14"]
[White "Yeritsyan, Aram"]
[Black "Mutovin, Egor"]
[Site "Sochi"]
[Round "3.3"]
[Result "1-0"]
[Date "2015.05.03"]
[WhiteElo "1829"]
[BlackElo "1548"]
[PlyCount "89"]
[EventDate "2015.05.01"]
[EventType "team-swiss"]
[EventRounds "7"]
[EventCountry "RUS"]
[SourceTitle "EXT 2018"]
[Source "ChessBase"]
[SourceDate "2017.10.13"]
[SourceVersion "1"]
[SourceVersionDate "2017.10.13"]
[SourceQuality "1"]

1. e4 c6 2. d4 d5 3. Nd2 dxe4 4. Nxe4 Bf5 5. Ng3 Bg6 6. h4 h6 7. Nf3 Nd7 8. h5 Bh7 9. Bd3 Bxd3 10. Qxd3 e6 11. Bf4 Qa5+ 12. Bd2 Bb4 13. c3 Be7 14. a4 Ngf6 15. b4 Qc7 16. a5 a6 17. Ne4 Nxe4 18. Qxe4 Nf6 19. Qe2 Bd6 20. Kf1 0-0 21. Re1 Nd7 22. g4 Rfe8 23. g5 e5 24. gxh6 exd4 25. Qxe8+ Rxe8 26. Rxe8+ Nf8 27. hxg7 Kxg7 28. Nxd4 Qd7 29. Re4 f5 30. Reh4 c5 31. Rg1+ Kh8 32. bxc5 Bxc5 33. Rg3 Ne6 34. h6 f4 35. Rg6 f3 36. h7 Ng7 37. Kg1 Bxd4 38. cxd4 Qf7 39. Rhg4 Nf5 40. R6g5 Qa2 41. Rh5 Ne7 42. Bf4 Ng6 43. Rxg6 Qb1+ 44. Kh2 Qxg6 45. Be5+ 1-0